Organizational Behavior : Integrated Models and Applications /

Contiene: Introducción a la conducta organizacional; Personalidad y percepción; Motivación, realización y satisfacción profesional; Grupos dinámicos y equipos eficaces; Manejo del conflicto; Evaluación del potencial; Toma de decisiones; Liderazgo; Administración funcional.

Gorde:
Xehetasun bibliografikoak
Egile nagusia: Zachary, Wm. B. (autor)
Beste egile batzuk: Kuzuhara, Loren W. (autor) (autor)
Formatua: Liburua
Hizkuntza:ingelesa
Argitaratua: Mason, EUA : Thomson : South-Western, 2005, c2005
Gaiak:
Etiketak: Etiketa erantsi
Etiketarik gabe, Izan zaitez lehena erregistro honi etiketa jartzen!

MARC

LEADER 00000nam^a2200000^a^4500
001 000182446
005 20250521000000.0
009 20260310102007.304
020 |a 0-324-18907-9 
020 |a 0-324-23369-8 
037 |a Acervo ITESO - Biblioteca 
041 |a ING 
082 |a 658. 4063  |b ZAC 
100 |a Zachary, Wm. B.  |e (autor) 
245 1 0 |a Organizational Behavior :  |b Integrated Models and Applications /  |c W.B. Zachary, L.W. Kuzuhara. 
264 4 |a Mason, EUA :  |b Thomson :  |b South-Western,  |c 2005, c2005 
300 |a XV, 255 p. 
336 |a texto  |b txt  |2 rdacontenido 
337 |a sin mediación  |b n  |2 rdamedio 
338 |a volumen  |b nc  |2 rdasoporte 
520 |a Contiene: Introducción a la conducta organizacional; Personalidad y percepción; Motivación, realización y satisfacción profesional; Grupos dinámicos y equipos eficaces; Manejo del conflicto; Evaluación del potencial; Toma de decisiones; Liderazgo; Administración funcional. 
649 |a XX 
650 |a Motivación Laboral 
650 |a Evaluación del Desempeño 
650 |a Conflicto (Relaciones Personales) 
650 |a Personalidad 
650 |a Liderazgo 
650 |a Toma de Decisiones 
650 |a Trabajo en Equipo 
650 |a Comunicación Personal 
650 |a Comunicación Organizacional 
650 |a Cultura Organizacional 
650 |a Comportamiento Organizacional 
650 |a Cambio Organizacional 
650 |a Desarrollo Organizacional 
650 |a Relaciones Laborales 
650 |a Recursos Humanos 
650 |a Proceso Administrativo -  |x Dirección 
650 |a Psicología Laboral 
650 |a Administración 
650 |a Ciencias Administrativas 
700 |a Kuzuhara, Loren W.  |e (autor) 
910 |a Fondo General 
920 |a Impresos - Libros 
930 |a Colección General 
905 |a 101 
901 |a 0500122306  |b IT1  |c ACC  |u 20250521 
902 |a https://opac.biblio.iteso.mx/vufind/Record/000182446